Justin Bieber Quiz - Statistiken

Allgemein
  • Dieses Quiz wurde 23 mal gespielt
  • Das Durchschnittsergebnis liegt bei 5 aus 15
Antwortstatistiken
Hint Antwort % Korrekt
In welchem Land ist Justin Bieber geboren? Kanada
100%
Mit wem war Justin Bieber von 2010 bis 2018 in einer Beziehung/ On-Off-Beziehung? Selena Gomez
91%
Wie oft kommt das Wort Baby im Refrain des Songs „Baby“ von Justin Bieber vor? 18
55%
“We gonna party like it's 3012 tonight, I wanna show you all the finer things in life, So just forget about the world,….”? we young tonight
50%
Wie heißt der Titelsong des Films “Karate Kid”, der 2010 von Justin Bieber gesungen wurde? Never Say Never
45%
Der Name welchen Albums steht als Tattoo über Justin Biebers Bauchnabel? Purpose
41%
Wie heißt das Weihnachtsalbum von Justin Bieber? Under the Mistletoe
32%
Wie heißt das erste Album von Justin Bieder, welches im März 2010 veröffentlicht wurde? My World 2.0
27%
Wie heißt der Sohn von Justin Bieber, der im August 2024 zur Welt kam? Jack Blues Bieber
18%
Unter welcher Phobie leidet Justin Bieber? Klaustrophobie
18%
Welche beiden tätowierten Tiere zieren die Brust von Justin Bieber? Löwe und Bär
14%
Wie heißt Justin Biebers Mutter? Pattie Malette
14%
Wie lange geht das offizielle Musikvideo von dem Song “Baby” feat. Ludacris? 3:40 min
9%
Wie lautet der Name von Justin Biebers erstem unabhängigen Modeunternehmen? Skylrk
9%
Unter welchem Plattenlabel steht Justin Bieber seit 2008 unter Vertrag? Def Jam Recordings
0%
Keine übereinstimmenden Quizze gefunden
Verteilung der Resultate
Anzahl Personen mit jedem Resultat
Perzentil nach korrekt beantworteten Fragen
Ihre Resultats-Entwicklung
Sie haben dieses Quiz noch nicht gespielt